00856nam a22002057a 4500003000900000008004100009020001800050040007100068082001900139100002300158245006500181260008600246300004400332440003200376505010000408650002600508650002400534650001700558710007500575AR-CdUCM190320b ||||| |||| 00| 0 spa d a9972-691-21-0 aMUNICIPALIDAD PROVINCIAL DEL CUSCOcBIBLIOTECA MUNICIPAL DEL CUSCO a581.610 /bB81 aBrack Egg, Antonio aDiccionario enciclopédico de plantas útiles del Perú / aCusco :bCentro de Estudios Regionales Andinos "Bartolomé de Las Casas",c1999. a550 páginas ;bIlustraciones,c30 cm. aEcología y desarrollo.n5 aDiversos usos de las plantas y cerca de 9000 nombres comunes en diferentes lenguas y dialectos. aBotánica agrícola aPlantas medicinales aDiccionarios aCentro de Estudios Regionales Andinos Bartolomé de Las Casas (Cusco)